| 000 | 00503nam a2200181Ia 4500 | ||
|---|---|---|---|
| 999 |
_c15125 _d15125 |
||
| 003 | OSt | ||
| 005 | 20201112094856.0 | ||
| 008 | 190216s9999||||xx |||||||||||||| ||und|| | ||
| 040 | _coclc | ||
| 082 |
_a421 _bTHA/B |
||
| 100 |
_aThampson, Walter _96497 |
||
| 245 | 0 |
_aBetter Speeches Made Easy / _cWalter Thampson |
|
| 250 | _a1st Ed. | ||
| 260 |
_bW R Goyal Publishers, _c2002. _aNew Delhi: |
||
| 300 | _a136p | ||
| 650 | _aEnglish | ||
| 942 |
_cBK _2ddc _h421 _iTHA/B _k421 _mTHA/B |
||